NFL Superbowl Appearances - Statistics

General Stats
  • This quiz has been taken 1,052 times
    813 since last reset
  • The average score is 27 of 32
Answer Stats
Appearances Answer Victories % Correct
11 New England Patriots 6
99%
8 Pittsburgh Steelers 6
96%
7 San Francisco 49ers 5
92%
8 Dallas Cowboys 5
91%
5 Green Bay Packers 4
90%
4 Buffalo Bills 0
88%
5 Kansas City Chiefs 3
88%
8 Denver Broncos 3
87%
5 Oakland Raiders 3
87%
5 Los Angeles Rams 2
86%
5 New York Giants 4
86%
3 Cincinnati Bengals 0
85%
5 Miami Dolphins 2
85%
1 New York Jets 1
85%
4 Philadelphia Eagles 1
85%
2 Baltimore Ravens 2
84%
4 Minnesota Vikings 0
84%
2 Chicago Bears 1
83%
0 Cleveland Browns 0
82%
3 Seattle Seahawks 1
82%
0 Detroit Lions 0
81%
4 Indianapolis Colts 2
81%
5 Washington Commanders 3
81%
1 Arizona Cardinals 0
80%
2 Atlanta Falcons 0
79%
2 Carolina Panthers 0
79%
1 Los Angeles Chargers 0
79%
2 Tampa Bay Buccaneers 2
79%
0 Houston Texans 0
78%
0 Jacksonville Jaguars 0
77%
1 New Orleans Saints 1
77%
1 Tennessee Titans 0
76%
No matching quizzes found
Score Distribution
Percent of People with Each Score
Percentile by Number Answered
Your Score History
You have not taken this quiz since the last reset